000 00263nam a2200097Ia 4500
008 120527s9999 xx 000 0 und d
100 _aOBIBUAKU,L.O
245 _aAgricultutral extension as a strategy for agricultural transformation.
260 _bUNN
942 _cBK
999 _c24122
_d24122